| 000 | 00431nam a22001697a 4500 | ||
|---|---|---|---|
| 005 | 20180227164405.0 | ||
| 008 | 160611b xxu||||| |||| 00| 0 eng d | ||
| 020 | _a81-8318-140-6 | ||
| 041 | _aeng | ||
| 082 |
_b6798 _a331 |
||
| 100 |
_aMamoria C.B. Others _91684 |
||
| 245 | _aDynamics of Industrial Relations. | ||
| 260 |
_aMumbai _bHimalaya Publishing House _c1983 |
||
| 300 | _a793 | ||
| 650 |
_aManagement _9241 |
||
| 942 | _cBK | ||
| 999 |
_c2377 _d2376 |
||